| 000 | 00632nam a2200241Ia 4500 | ||
|---|---|---|---|
| 008 | 160404s9999 xx 000 0 und d | ||
| 020 | _a971-12-0232-8 | ||
| 050 | _aFIL HG 4026 | ||
| 050 | _b.M45 1999 | ||
| 100 | _aMejorada, Nenita D. | ||
| 245 | _aBusiness finance / | ||
| 245 | _cNenita D. Mejorada. | ||
| 250 | _a2nd Edition | ||
| 260 | _aMakati City: | ||
| 260 | _bGoowwill Trading Co., Inc, | ||
| 260 | _c1999 | ||
| 300 | _a290 pages : | ||
| 300 | _billustrations ; | ||
| 300 | _c25 cm. | ||
| 650 | _aBusiness -- Finance. | ||
| 650 | _aCorporations -- Finance. | ||
| 650 | _xBusiness enterprises -- Finance. | ||
| 999 |
_c293268 _d293268 |
||